| 000 | | | 04675nac2a22003133x 450 |
| 001 | | | b6f47dbf-2742-46eb-9b39-07bd9e9b41b4 |
| 005 | | | 20211214210103.0 |
| 100 | ## | $a | 20211122l1911 k y0rusy50 ca |
| 101 | 0# | $a | fre |
| | $a | rus |
| 102 | ## | $a | RU |
| 105 | ## | $a | y z |||h| |
| 122 | 0# | $a | d19110206 |
| 122 | 0# | $a | d19110128 |
| 200 | 1# | $a | Письмо Думье Жоржа Шиллингу М. Ф. с приложением речи, произнесенной французским министром торговли на банкете русской торговой палаты 28/I-1911. /франц./ |
| | $j | 06 февраля 1911 |
| 215 | ## | $a | 5 листов |
| 251 | ## | $c | Дело |
| 300 | ## | $a | Заголовок дела на папке: Письмо Думье Жоржа Шиллингу М. Ф. с приложением речи, произнесенной французским министром торговли на банкете русской торговой палаты 28/I-1911 |
| 300 | ## | $a | Часть текста на французском языке |
| 300 | ## | $a | Лист: 3 - конверт с маркой |
| 300 | ## | $a | Машинописный и рукописный текст |
| 330 | ## | $a | Входит в раздел описи: 3. Документы о научной и литературной деятельности барона Шиллинга М. Ф.. Письма разных лиц Шиллингу М. Ф. |
| 461 | #0 | $1 | 001ff9fc58f-089b-437b-980d-902343bc59d8 |
| | $1 | 2001 |
| | $a | Шиллинг Маврикий Фабианович, барон, секретарь русского посольства в Вене |
| | $1 | 251 |
| | $c | Фонд |
| | $1 | 852 |
| | $j | 813 |
| 462 | #0 | $1 | 001665c067c-d934-4316-b9df-5bf0ad49190b |
| | $1 | 2001 |
| | $a | Дела постоянного хранения. 1817-1917 |
| | $v | Д. 246 |
| | $1 | 251 |
| | $c | Опись |
| | $1 | 852 |
| | $j | 1 |
| 517 | 1# | $a | Письмо Думье Жоржа Шиллингу М. Ф. с приложением речи, произнесенной французским министром торговли на банкете русской торговой палаты 28/I-1911 |
| 600 | #1 | $a | Шиллинг |
| | $b | М. Ф. |
| | $c | барон |
| | $g | Маврикий Фабианович |
| 600 | #1 | $a | Думье |
| | $b | Ж. |
| | $g | Жорж |
| 801 | #0 | $a | RU |
| | $b | GA_RF |
| 801 | #1 | $a | RU |
| | $b | ГлавНИВЦ |
| | $c | 20211122 |
| | $2 | rusmarc |
| 801 | #2 | $a | RU |
| | $b | ПБ им. Б.Н. Ельцина |
| | $c | 20211214 |
| | $g | RCR |
| | $2 | rusmarc |
| 852 | ## | $a | ГА РФ |
| | $j | 246 |
| 937 | ## | $d | 171607757 |
| | $h | ГАРФ |
| 035 | ## | $a | RuPRLIB51062086 |
| 856 | ## | $u | http://readingroom.main.prlib.ru/item.aspx?id_node=n171607757&mode=full |